000 00663nam a2200241Ia 4500
003 OSt
005 20220924132132.0
006 a|||||r|||| 00| 0
007 ta
008 220923b |||||||| |||| 00| 0 san d
024 _a25980
037 _cTextual
040 _aARTS
_cARTS
_bsan
041 _2san
_asan
082 _aQ256:2x, 15G4
100 _aBagchi Prabodh Chandra ed
245 0 _aKaulajnana nirnaya and minor texts of school of Matsyendranatha
260 _c1934
490 _aCalcutta sanskrit series; 3
650 _aRELIGION
942 _hQ256:2x, 15G4
_cTEXL
_2CC
999 _c429418
_d429418